Captains ODI World Cup - Statistics

General Stats
  • This quiz has been taken 14 times
  • The average score is 37 of 112
Answer Stats
Answer % Correct
MS Dhoni
100%
Virat Kohli
100%
Babar Azam
90%
Imran Khan
90%
Kane Williamson
90%
Pat Cummins
90%
Rohit Sharma
90%
Aaron Finch
80%
Eoin Morgan
80%
Kapil Dev
80%
Michael Clarke
80%
Rahul Dravid
80%
Ricky Ponting
80%
Brendon McCullum
70%
Graeme Smith
70%
Jos Buttler
70%
Shakib Al Hasan
70%
Temba Bavuma
70%
Clive Lloyd
60%
Faf du Plessis
60%
Jason Holder
60%
Kumar Sangakkara
60%
Mark Taylor
60%
Sourav Ganguly
60%
Viv Richards
60%
AB de Villiers
50%
Andrew Strauss
50%
Daniel Vettori
50%
Mohammad Azharuddin
50%
Steve Waugh
50%
Wasim Akram
50%
Graham Gooch
40%
Ian Chappell
40%
Mahela Jayawardene
40%
Michael Atherton
40%
Michael Vaughan
40%
Nasser Hussain
40%
Sarfaraz Ahmed
40%
Shahid Afridi
40%
Shaun Pollock
40%
Stephen Fleming
40%
Waqar Younis
40%
Alec Stewart
30%
Allan Border
30%
Andy Flower
30%
Aravinda de Silva
30%
Brian Lara
30%
Dimuth Karunaratne
30%
Hansie Cronje
30%
Harilal Shah
30%
Heath Streak
30%
Inzamam Haq
30%
Jeff Crowe
30%
Martin Crowe
30%
Mashrafe Mortaza
30%
Mike Gatting
30%
Misbah Haq
30%
Mohammad Nabi
30%
Richie Richardson
30%
Sanath Jayasuriya
30%
Angelo Mathews
20%
Arjuna Ranatunga
20%
Asif Iqbal
20%
Bob Willis
20%
Carl Hooper
20%
Craig Wright
20%
Darren Sammy
20%
Dasun Shanaka
20%
Duleep Mendis
20%
Elton Chigumbura
20%
Gulbadin Naib
20%
Hashmatullah Shahidi
20%
Kepler Wessels
20%
Kim Hughes
20%
Mike Brearley
20%
Najmul Shanto
20%
Srinivasaraghavan Venkataraghavan
20%
William Porterfield
20%
Alistair Campbell
10%
Ashish Bagai
10%
Glenn Turner
10%
Habibul Bashar
10%
Jimmy Kamande
10%
Khaled Mashud
10%
Lee Germon
10%
Luuk van Troost
10%
Mark Burgess
10%
Mike Denness
10%
Mohammad Tauqir
10%
Prosper Utseya
10%
Scott Edwards
10%
Steve Tikolo
10%
Trent Johnston
10%
Aasif Karim
0%
Aminul Islam
0%
Anura Tennekoon
0%
Bryan Mauricette
0%
David Houghton
0%
Deon Kotze
0%
Duncan Fletcher
0%
Geoff Howarth
0%
George Salmond
0%
Irving Romaine
0%
Joe Harris
0%
John Davison
0%
John Traicos
0%
Maurice Odumbe
0%
Peter Borren
0%
Preston Mommsen
0%
Roland Lefebvre
0%
Steven Lubbers
0%
Sultan Zarawani
0%
No matching quizzes found
Score Distribution
Percent of People with Each Score
Percentile by Number Answered
Your Score History
You have not taken this quiz